000 00296nam a22001337a 4500
008 170926b xxu||||| |||| 00| 0 eng d
020 _a9780022840129
041 _aeng
080 _a37
100 _a46
101 _aEDU
245 _aBUILDING LAB WORKBOOK
_cMACMILLAN.M
942 _2udc
_cBK
999 _c30093
_d30093